Inštitúcie rímskeho práva ... pre internú potrebu posl. Práv. fak. SU

Bibliographic Details
Main Author: Vietor, Martin, 1906-1978 (Author)
Format: Book
Language:Slovak
PhysicalDescription:117 s. 4°
Published: Bratislava SU v nakl. SPN 1953
Series:Vysokoškolské učebné texty
Subjects:

MARC

LEADER 00000cam a2200000 a 4500
001 vtls008404890
003 SK-MaSNL
005 20260301093608.0
008 230403s1953 xo e 000 0 slo
015 |a SNBA19451955-013389 
035 |a SK01SNKBKSFS20020097107 
035 |a urn:nbn:sk:snk-amkzk6 
035 |a urn:nbn:sk:snk-am008oyg 
035 |a 910EC900-C416-4494-807E-FFC89F57CE1B 
035 |a SKM000099570 
040 |a SNK  |b slo  |c SNK  |e AACR2 
041 0 |a slo 
044 |a xo  |c SK 
080 |a 340.15(075)  |2 1981 
080 |a 378(075)  |2 1981 
100 1 |a Vietor, Martin,  |d 1906-1978  |4 aut  |9 209791 
245 1 0 |a Inštitúcie rímskeho práva  |b ... pre internú potrebu posl. Práv. fak. SU  |c Martin Vietor 
260 |a Bratislava  |b SU v nakl. SPN  |c 1953 
300 |a 117 s.  |c 4° 
366 |e 430 výt. 
490 1 |a Vysokoškolské učebné texty 
500 |a Rotaprint 
650 0 7 |a rímske právo  |2 SNKPH  |9 983 
655 7 |a učebnice vysokých škôl  |2 SNKPH  |9 70191 
830 0 |a Vysokoškolské učebné texty  |9 276539 
852 |a Slovenská národná knižnica 
954 |a odborná, vedecká literatúra pôvodná (slovenská)  |2 lita 
958 |a OND 
958 |a RK 
958 |a RM 
958 |a EUIPO 
999 |c 677513  |d 679443 
952 |a SNK  |b SNK  |y PREZ  |7 0  |p 17A0807885  |o snkSB 16923  |i snkD 585/71  |8 1  |0 0  |1 0  |4 0  |d 2015-01-13  |f 1  |l 0  |r 2025-03-18 00:00:00  |w 2026-02-23 
952 |a SNK  |b SNK  |y VYP  |7 0  |p 17A1186018  |o snkSB 16923 D1  |i snkD 697/81  |8 1  |0 0  |1 0  |4 0  |d 2015-01-13  |l 0  |r 2026-02-23 19:46:33  |w 2026-02-23